Khói lửa kinh thành

Spremljeno u:
Bibliografski detalji
Glavni autor: Lâm, Ngữ Đường
Format: Knjiga
Jezik:Undetermined
Izdano: Hà Nội Thuận hóa 2004
Teme:
Oznake: Dodaj oznaku
Bez oznaka, Budi prvi tko označuje ovaj zapis!
Thư viện lưu trữ: Trung tâm Học liệu Trường Đại học Cần Thơ
LEADER 00567nam a2200193Ia 4500
001 CTU_63371
008 210402s9999 xx 000 0 und d
020 |b 67000 
082 |a 895.13 
082 |b Đ561 
100 |a Lâm, Ngữ Đường 
245 0 |a Khói lửa kinh thành 
245 0 |c Lâm Ngữ Đường; Vi Huyền Đắc biên dịch 
260 |a Hà Nội 
260 |b Thuận hóa 
260 |c 2004 
650 |a Chinese fiction 
904 |i Trúc Phương 
980 |a Trung tâm Học liệu Trường Đại học Cần Thơ